| 000 | 00683nac a22002051u 4500 | ||
|---|---|---|---|
| 020 | _a8127209058 | ||
| 082 |
_a332.1 _bP3241 |
||
| 090 |
_c1090 _d1090 |
||
| 100 | _aPaul, R. R. | ||
| 245 |
_aMoney and financial systems / _cR. R. Paul. |
||
| 250 | _a1st ed. | ||
| 260 |
_aNew Delhi : _bKalyani publishers, _c2004. |
||
| 300 |
_a199 p. : _bDiagrams, _c24 cm. |
||
| 500 | _aIncludes index. | ||
| 650 | _aMoney. | ||
| 650 | _aMonetary policy. | ||
| 650 | _aFinance. | ||
| 942 |
_cBB _k332.1P3241 |
||
| 999 |
_c1090 _d1090 |
||